000 00339nam a2200121Ia 4500
008 151001s9999||||xx |||||||||||||| ||und||
100 _a& Robert D.L.sayor
245 4 _aThe Documents in the case
260 _bPenguin Books
260 _c1937
300 _a254
365 _b7
999 _c949983
_d949980